| 000 | 00454nam a2200121Ia 4500 | ||
|---|---|---|---|
| 008 | 220512s9999 xx 000 0 eng d | ||
| 100 | _aOgawa, Naohiro | ||
| 245 | 0 |
_aPopulation Aging and Health Care Spending in Japan: Public and Private- Sector responses / _cOgawa, Naohiro and others |
|
| 260 |
_aJapan : _bNIHON University Population Research Institute, _cJan-08 |
||
| 500 | _aJapan NUPRI Reprint Series No 93 | ||
| 546 | _aEnglish | ||
| 942 | _cPR | ||
| 999 |
_c36780 _d36780 |
||